000 00634nam a22001697a 4500
008 161014b xxu||||| |||| 00| 0 eng d
040 _aKABU
_cKABU
050 _aML3534
_b.P45 2012 C.1
100 _aPhillipov, Michelle
245 _aDeath metal and music criticism
_banalysis at the limits
_cby Michelle Phillipov
260 _aNew York
_bLexington books
_c2012
300 _axx, 158 p.
650 _2Death metal (music)
_xHistory and criticism
650 _2Music criticism
_xPolitical aspects
650 _2Popular music
_xHistory and criticism
_xPolitical aspects
942 _2lcc
_cBK
_hML3534 .P45 2012 C.1
999 _c16219
_d16219